• 首页
  • 本馆介绍
  • 公告通知
  • 最新文献
  • 馆藏检索
  • 电子资源
  • 读者导购
  • 参考咨询
  • 我的图书馆
  • 登录
  • 详细信息显示
  • 放入我的书架
  • 预约/预借图书
  • 作者相关作品
  • 分类相关作品
  • 丛书相关作品
  • 出版社相关作品

书目信息

  • 表格格式
  • 工作单格式
  • 卡片格式
题名:
工程光学
    
 
作者: 韩军 , 刘钧 编著
分册:  
出版信息: 北京   国防工业出版社  2016.02
页数: 11,432页
开本: 26cm
丛书名:
单 册:
中图分类: TB133
科图分类:
主题词: 工程光学--高等教育--教材
电子资源:
ISBN: 978-7-118-10744-9
000 01089nam0 2200277 450
001 0120161794859
005 20170418154857.28
010    @a978-7-118-10744-9@dCNY58.00
100    @a20160405d2016 em y0chiy50 ea
101 0  @achi
102    @aCN@b110000
105    @aa z 000yy
106    @ar
200 1  @a工程光学@9gong cheng guang xue@f韩军,刘钧编著
205    @a2版
210    @a北京@c国防工业出版社@d2016.02
215    @a11,432页@c图@d26cm
300    @a“十二五”普通高等教育本科国家级规划教材
330    @a本书分为上下篇,上篇为几何光学篇,具体包括几何光学的基本定律与成像概念,球面和球面系统,理想光学系统,平面与平面系统,光学系统中的光束限制,光度学和色度学基础,光线的光路计算及像差概述,典型光学系统,光学系统的像质评价和像差容限;下篇为波动光学篇,具体包括波动光学通论,光的干涉理论及其应用,光的衍射,光在晶体中的传播。
333    @a高校工程光学专业师生
606 0  @a工程光学@x高等教育@j教材
690    @aTB133@v5
701  0 @a韩军@9han jun@4编著
701  0 @a刘钧@9liu jun@4编著
801  0 @aCN@b人天书店@c20160405
905    @b987328-31@dTB133@e179=2@f4
    
    工程光学/韩军,刘钧编著.-2版.-北京:国防工业出版社,2016.02
    11,432页:图;26cm
    “十二五”普通高等教育本科国家级规划教材.-使用对象:高校工程光学专业师生
    
    ISBN 978-7-118-10744-9:CNY58.00
    本书分为上下篇,上篇为几何光学篇,具体包括几何光学的基本定律与成像概念,球面和球面系统,理想光学系统,平面与平面系统,光学系统中的光束限制,光度学和色度学基础,光线的光路计算及像差概述,典型光学系统,光学系统的像质评价和像差容限;下篇为波动光学篇,具体包括波动光学通论,光的干涉理论及其应用,光的衍射,光在晶体中的传播。
●
相关链接 在E读中查询图书 在五车中查询图书 在当当中查询图书 在豆瓣中查询图书


正题名:工程光学     索取号:TB133/179=2         预约/预借

序号 登录号 条形码 馆藏地/架位号 状态 备注
1 987328   209873289   第二样本阅览室/ [索取号:TB133/179=2] 在馆    
2 987329   209873298   第三借阅区/ [索取号:TB133/179=2] 在馆    
3 987330   209873305   第三借阅区/ [索取号:TB133/179=2] 在馆    
4 987331   209873314   第三借阅区/ [索取号:TB133/179=2] 在馆    
唐山师范学院图书馆 欢迎您!
大连网信软件有限公司© 版权所有